| 000 | 00422nam a22001697a 4500 | ||
|---|---|---|---|
| 999 |
_c3894 _d3894 |
||
| 008 | 200706b ||||| |||| 00| 0 eng d | ||
| 082 | 0 | 0 |
_a531.2 _bD2291 |
| 100 |
_91990 _aDas, B. C. |
||
| 245 | 1 | 0 |
_aIntermediate dynamics _cby B. C. Das |
| 250 | _a9th ed. | ||
| 260 |
_aCalcutta _b U. N. Dhar _c1961 |
||
| 300 | _axii,304 p. | ||
| 365 | _d6.75 | ||
| 650 | 0 | _aMathematics | |
| 700 |
_91994 _aMukherjee, B. N. |
||
| 942 | _cBK | ||